Deutschsprachige Autoren - Statistiken

Allgemein
  • Dieses Quiz wurde 59 mal gespielt
  • Das Durchschnittsergebnis liegt bei 4 aus 16
Antwortstatistiken
Bildquiz Antwort % Korrekt
Franz Kafka
96%
Thomas Mann
65%
Heinrich Böll
42%
Max Frisch
42%
Gotthold Ephraim Lessing
29%
Georg Büchner
27%
Friedrich Dürrenmatt
21%
Ingeborg Bachmann
21%
Walter Jens
12%
Anna Seghers
10%
Gerhart Hauptmann
10%
Peter Weiss
6%
Alfred Döblin
4%
Christoph Martin Wieland
4%
Erich Maria Remarque
4%
Paul Heyse
4%
Keine übereinstimmenden Quizze gefunden
Verteilung der Resultate
Anzahl Personen mit jedem Resultat
Perzentil nach korrekt beantworteten Fragen
Ihre Resultats-Entwicklung
Sie haben dieses Quiz noch nicht gespielt